Statistics for Brand Logo Quiz #7

Click here to take the quiz!

General Stats

  • This quiz has been taken 4,446 times
  • The average score is 10 of 20

Answer Stats

Answer% Correct
Firefox
92%
Instagram
90%
Rolex
88%
Tesla
88%
Volkswagen
87%
Cartoon Network
85%
Beats
84%
Mitsubishi
69%
Umbro
51%
Holiday Inn
41%
Blackberry
39%
General Electric
36%
Vimeo
34%
HSBC
32%
Nespresso
32%
Champions League
30%
Reebok
25%
9gag
23%
Zurich
16%
Algida
7%

Score Distribution

Percentile by Number Answered

Percent of People with Each Score

Your Score History

You have not taken this quiz